书目信息 |
| 题名: |
粗饲料资源生物转化技术研究进展
|
|
| 作者: | 刁其玉 主编 | |
| 分册: | ||
| 出版信息: | 北京 中国农业科学技术出版社 2016 |
|
| 页数: | 250页 | |
| 开本: | 26cm | |
| 丛书名: | ||
| 单 册: | ||
| 中图分类: | S816.5 , S816 | |
| 科图分类: | ||
| 主题词: | 生物工程--sheng wu gong cheng--应用--粗饲料--资源利用--研究 | |
| 电子资源: | ||
| ISBN: | 978-7-5116-2551-9 | |
| 000 | 01197nam0 2200265 450 | |
| 001 | 1658292297 | |
| 005 | 20160607111708.6 | |
| 010 | @a978-7-5116-2551-9@dCNY68.00 | |
| 100 | @a20160607d2016 em y0chiy50 ea | |
| 101 | 0 | @achi |
| 102 | @aCN@b110000 | |
| 105 | @aak a 000yy | |
| 106 | @ar | |
| 200 | 1 | @a粗饲料资源生物转化技术研究进展@Acu si liao zi yuan sheng wu zhuan hua ji shu yan jiu jin zhan@f刁其玉主编 |
| 210 | @a北京@c中国农业科学技术出版社@d2016 | |
| 215 | @a250页@c图@d26cm | |
| 320 | @a有书目 | |
| 330 | @a本书汇集了近几年中国农业科学院“反刍动物饲料营养”创新团队发表的有关粗饲料资源生物转化技术研究的研究性论文及综述性论文,从青贮发酵饲料、干秸秆饲料类以及苜蓿干草及其他饲料资源等三个方面对粗饲料资源生物转化技术进行了阐述。涉及到的秸秆专用酶菌复合制剂等生物制剂产品以及低精料日粮配方技术等相关研究成果直接应用到生产实际中,可以为秸秆等粗饲料资源的利用提供技术保障,能够推动秸秆等粗饲料资源的开发与利用。 | |
| 333 | @a从事粗饲料资源研究工作的人员 | |
| 606 | 0 | @a生物工程@Asheng wu gong cheng@x应用@x粗饲料@x资源利用@x研究 |
| 690 | @aS816.5@v5 | |
| 690 | @aS816@v4 | |
| 701 | 0 | @a刁其玉@Adiao qi yu@4主编 |
| 801 | 0 | @aCN@b江苏新华@c20150511 |
| 905 | @aBZT@dS816@e102 | |
| 粗饲料资源生物转化技术研究进展/刁其玉主编.-北京:中国农业科学技术出版社,2016 |
| 250页:图;26cm |
| 使用对象:从事粗饲料资源研究工作的人员 |
| ISBN 978-7-5116-2551-9:CNY68.00 |
| 本书汇集了近几年中国农业科学院“反刍动物饲料营养”创新团队发表的有关粗饲料资源生物转化技术研究的研究性论文及综述性论文,从青贮发酵饲料、干秸秆饲料类以及苜蓿干草及其他饲料资源等三个方面对粗饲料资源生物转化技术进行了阐述。涉及到的秸秆专用酶菌复合制剂等生物制剂产品以及低精料日粮配方技术等相关研究成果直接应用到生产实际中,可以为秸秆等粗饲料资源的利用提供技术保障,能够推动秸秆等粗饲料资源的开发与利用。 |
| ● |
| 相关链接 |
|
|
|
正题名:粗饲料资源生物转化技术研究进展
索取号:S816/102
 
预约/预借
| 序号 | 登录号 | 条形码 | 馆藏地/架位号 | 状态 | 备注 |
| 1 | 796801 | 2000796801 | 第二书库/ [索取号:S816/102] | 在馆 | |
| 2 | 796802 | 2000796802 | 第二书库/ [索取号:S816/102] | 在馆 | |
| 3 | 796803 | 2000796803 | 第二书库/ [索取号:S816/102] | 在馆 |